Ten steps to behavioral research

Bibliographic Details
Main Author: Whalen, Thomas E. (Author)
Format: Book
Language:English
Published: New York : University Press of America 1989
Subjects:

MARC

LEADER 00000cam a2200000 7i4500
001 0000010011
005 20240918.0
008 030421 nyu eng
020 |a 0819173959 
040 |a INS   |b eng   |e rda 
090 0 0 |a BF76.5   |b .W47 1989 
100 1 |a Whalen, Thomas E. ,   |e author 
245 1 0 |a Ten steps to behavioral research   |c Thomas E. Whalen 
264 1 |a New York :   |b University Press of America   |c 1989 
300 |a xiii, 273 pages :   |b illustrations ;   |c 23 cm. 
336 |a text  |2 rdacontent 
337 |a unmediated  |2 rdamedia 
338 |a volume  |2 rdacarrier 
504 |a Includes bibliographical references and index 
650 0 |a Psychology   |x Research   |x Methodology 
650 0 |a Sosial Scieness   |x Research   |x Methodology 
999 |a 0000009526   |b BOOK   |c Open Shelf   |e Default branch